U.S. State Capitals Click Quiz - Statistics

General Stats
  • This quiz has been taken 1,018 times
  • The average score is 39 of 50
Answer Stats
Hint Answer % Correct
Hawaii Honolulu
91%
California Sacramento
90%
New York Albany
89%
Indiana Indianapolis
89%
Oklahoma Oklahoma City
89%
Utah Salt Lake City
89%
Texas Austin
88%
Arizona Phoenix
88%
Florida Tallahassee
87%
Georgia Atlanta
86%
Massachusetts Boston
86%
Alaska Juneau
86%
Tennessee Nashville
86%
Colorado Denver
85%
New Mexico Santa Fe
84%
Louisiana Baton Rouge
82%
Ohio Columbus
81%
Arkansas Little Rock
81%
Rhode Island Providence
81%
Oregon Salem
80%
Idaho Boise
79%
Alabama Montgomery
79%
Iowa Des Moines
78%
Washington Olympia
78%
Mississippi Jackson
77%
Pennsylvania Harrisburg
76%
New Jersey Trenton
76%
Wyoming Cheyenne
75%
Connecticut Hartford
75%
Kansas Topeka
75%
Maryland Annapolis
74%
Nevada Carson City
74%
Delaware Dover
74%
Wisconsin Madison
74%
Virginia Richmond
74%
Illinois Springfield
74%
Nebraska Lincoln
73%
North Carolina Raleigh
73%
Minnesota Saint Paul
73%
Maine Augusta
72%
Montana Helena
72%
Michigan Lansing
72%
North Dakota Bismarck
70%
Kentucky Frankfort
69%
New Hampshire Concord
68%
Vermont Montpelier
67%
West Virginia Charleston
66%
Missouri Jefferson City
66%
South Dakota Pierre
61%
South Carolina Columbia
58%
No matching quizzes found
Score Distribution
Percent of People with Each Score
Percentile by Number Answered
Your Score History
You have not taken this quiz